Hazbin Hotel - Respectless lyrics - Statistics

General Stats
  • This quiz has been taken 814 times
  • The average score is 157 of 204
Answer Stats
Hint Answer % Correct
Carmilla: You
99%
you
99%
respect
98%
so
97%
show
95%
some
95%
your
95%
better
92%
no
92%
one
91%
One
91%
to
91%
a
90%
check
90%
I
89%
that
89%
speaks
87%
the
87%
way
87%
and
86%
And
86%
I'm
86%
Did
85%
did
85%
do
85%
Do
85%
not
85%
who
85%
back
84%
it
84%
Vees
83%
Zestial
83%
#bitch
82%
but
82%
got
82%
needs
82%
new
81%
of
80%
respectless?
80%
respectless
80%
this
80%
Carmilla: This
80%
twisted
80%
us
80%
what
80%
Velvette: You've
80%
you've
80%
attitude
79%
expect
79%
maybe
78%
over!
78%
Zestiel: We
78%
will
78%
are
77%
missed
77%
sit
77%
take
77%
act
76%
backbone
76%
display?
76%
heed
76%
when
76%
angel's
75%
could
75%
for
75%
head
75%
my
75%
nothing
74%
than
74%
meeting's
73%
more
73%
please
73%
insolent
71%
can't
70%
have
70%
war?
70%
why
70%
without
70%
breakfast
69%
'cause
69%
'Cause
69%
eat
69%
face
69%
fight?
69%
is
69%
know
69%
nerve?
69%
red
69%
guns
68%
headless
68%
intelligence
68%
sell
68%
Sorry
68%
strike
68%
overlords
67%
scared
67%
was
67%
been
66%
brazen
66%
don't
66%
That's
66%
too
66%
turning
66%
Velvette: Oops!
65%
out
65%
avoidin'
64%
brought
64%
Couldn't
64%
right
64%
Since
64%
suspect
64%
warned
64%
You're
64%
it's
63%
observe
63%
thing
63%
help
62%
lost
62%
lot
62%
behaviour
61%
disclosure?
61%
starting
61%
swipin'
61%
wonder
61%
attendin'
60%
Thanks
60%
ain't
59%
being
59%
Mad
59%
trendin'
59%
Well
59%
group
58%
long
58%
past
58%
relevance
58%
smug
58%
wrinkled
58%
wannabes
56%
inane
55%
acted
53%
Velvette: Ugh
50%
bae
46%
else
22%
uniformed
18%
No matching quizzes found
Score Distribution
Percent of People with Each Score
Percentile by Number Answered
Your Score History
You have not taken this quiz